MCU Actors - Statistics

General Stats
  • This quiz has been taken 37 times
  • The average score is 56 of 110
Answer Stats
Character Actor % Correct
Black Panther Chadwick Boseman
93%
Spider-Man Andrew Garfield
90%
Captain America Chris Evans
90%
Wolverine Hugh Jackman
90%
Deadpool Ryan Reynolds
90%
Spider-Man Tobey Maguire
90%
Groot Vin Diesel
90%
Doctor Strange Benedict Cumberbatch
87%
Tony Stark Robert Downey Jr.
87%
Nick Fury Samuel L. Jackson
87%
Loki Tom Hiddleston
87%
Spider-Man Tom Holland
87%
Captain Marvel Brie Larson
83%
Thor Chris Hemsworth
83%
Star-Lord Chris Pratt
83%
Heimdall Idris Elba
83%
Hawkeye Jeremy Renner
83%
Thanos Josh Brolin
83%
Ant-Man Paul Rudd
83%
Professor X Patrick Stewart
80%
MJ Zendaya
80%
Hulk Mark Ruffalo
77%
Venom Tom Hardy
77%
Rocket Raccoon Bradley Cooper
73%
Hulk Edward Norton
73%
Scarlet Witch Elizabeth Olsen
73%
Mysterio Jake Gyllenhaal
73%
Kevin Bacon Kevin Bacon
73%
Doctor Doom Robert Downey Jr.
73%
Winter Soldier Sebastian Stan
73%
Falcon Anthony Mackie
70%
Pepper Potts Gwyneth Paltrow
70%
Red Hulk Harrison Ford
70%
Electro Jamie Foxx
70%
Ego Kurt Russell
70%
Killmonger Michael B. Jordan
70%
Gorr the God Butcher Christian Bale
67%
Drax the Destroyer Dave Bautista
67%
War Machine Don Cheadle
67%
Jane Foster Natalie Portman
67%
Green Goblin Willem Dafoe
67%
Vision Paul Bettany
63%
Black Widow Scarlet Johansson
63%
Gamora Zoe Saldaña
63%
The Grandmaster Jeff Goldblum
60%
Vulture Michael Keaton
60%
Mr. Fantastic Pedro Pascal
60%
Blade Wesley Snipes
60%
Odin Anthony Hopkins
57%
Hela Cate Blanchett
57%
Yelena Belova Florence Pugh
57%
Moon Knight Oscar Isaac
57%
JARVIS Paul Bettany
57%
Wong Benedict Wong
50%
Gambit Channing Tatum
50%
J. Jonah Jameson J.K. Simmons
50%
Happy Hogan Jon Favreau
50%
Quicksilver Aaron Taylor-Johnson
47%
Wasp Evangeline Lilly
47%
Nebula Karen Gillan
47%
Ultron James Spader
43%
Daredevil Charlie Cox
40%
Red Guardian David Harbour
40%
Mr. Fantastic (Illuminati) John Krasinski
40%
Kang the Conquerer Jonathan Majors
40%
Punisher Jon Bernthal
40%
Aunt May Marisa Tomei
40%
Janet van Dyne Michelle Pfeiffer
40%
Mobius Owen Wilson
40%
Zeus Russell Crowe
40%
Shang-Chi Simu Liu
40%
Valkyrie Tessa Thompson
40%
Sue Storm Vanessa Kirby
40%
Doctor Octopus Alfred Molina
37%
Ulysses Klaue Andy Serkis
37%
Thena Angelina Jolie
37%
Dormammu Benedict Cumberbatch
37%
Peggy Carter Hayley Atwell
37%
Elektra Jennifer Garner
37%
Human Torch Joseph Quinn
37%
Aldrich Killian Guy Pearce
33%
Yondu Michael Rooker
30%
Ikaris Richard Madden
30%
Korg Taika Waititi
30%
The Thing Ebon Moss-Bachrach
27%
Kraglin Sean Gunn
27%
Adam Warlock Will Poulter
27%
US Agent Wyatt Russell
27%
Ajak Salma Hayek
23%
Okoye Danai Gurira
20%
Arthur Harrow Ethan Hawke
20%
Kate Bishop Hailee Steinfeld
20%
Skurge Karl Urban
17%
Luis Michael Peña
17%
Ralph Bohner Evan Peters
13%
Crossbones Frank Grillo
13%
Eitri Peter Dinklage
13%
Druig Barry Keoghan
10%
Kro Bill Skarsgård
10%
X-23 Dafne Keen
10%
Ms. Marvel Iman Vellani
10%
Lizard Rhys Ifans
10%
Sandman Thomas Haden Church
10%
Katy Awkwafina
7%
Eros Harry Styles
7%
Jimmy Woo Randall Park
7%
Kingpin Vincent D'Onofrio
7%
Fandral Zachary Levi
7%
Sidewinder Giancarlo Esposito
3%
OB Ke Huy Quan
3%
No matching quizzes found
Score Distribution
Percent of People with Each Score
Percentile by Number Answered
Your Score History
You have not taken this quiz